000 00288nam a22001217a 4500
008 180227b xxu||||| |||| 00| 0 eng d
041 _aeng
080 _a612.39
100 _a10
101 _aSHU
245 _aPocket Companion to Small Animal Clinical Nutrition
_cHand
942 _2udc
_cBK
999 _c43531
_d43531